Players to have scored 4 or more goals at the European Championships - Statistics

General Stats
  • This quiz has been taken 17 times
  • The average score is 18 of 39
Answer Stats
Country Number of Goals Tournaments Played At Answer % Correct
Portugal 14 2004. 2008. 2012, 2016, 2020, 2024 Cristiano Ronaldo
100%
England 7 2016, 2020, 2024 Harry Kane
83%
England 6 2004, 2012, 2016 Wayne Rooney
83%
England 7 1992, 1996, 2000 Alan Shearer
75%
Spain 5 2004, 2008, 2012 Fernando Torres
75%
West Germany 4 1972 Gerd Muller
75%
Netherlands 5 1988, 1992 Marco van Basten
75%
Netherlands 6 2004, 2008 Ruud van Nistelrooy
75%
France 6 2000, 2004, 2008 Thierry Henry
75%
Sweden 6 2004, 2008, 2012, 2016 Zlatan Ibrahimovic
75%
Spain 7 2016, 2020, 2024 Alvaro Morata
67%
France 7 2016, 2020, 2024 Antoine Griezmann
67%
Spain 4 2008 David Villa
67%
Croatia 4 2008, 2012, 2016, 2020, 2024 Luka Modric
67%
France 9 1984 Michel Platini
67%
Poland 6 2012, 2016, 2020, 2024 Robert Lewandowski
67%
Belgium 6 2016, 2020, 2024 Romelu Lukaku
67%
Netherlands 4 1992, 1996, 2000 Dennis Bergkamp
58%
France 5 1996, 2000, 2004 Zinedine Zidane
58%
France 4 2008, 2012, 2020 Karim Benzema
50%
Czech Republic 7 2020, 2024 Patrik Schick
50%
West Germany & Germany 5 1988, 1992, 1996 Jurgen Klinsmann
42%
Germany 5 2008, 2012, 2016 Mario Gomez
42%
Netherlands 6 1996, 2000, 2004 Patrick Kluivert
42%
West Germany & Germany 4 1984, 1988, 1992 Rudi Voller
33%
Germany 4 2020, 2024 Kai Havertz
25%
Greece 4 2004, 2008 Angelos Charisteas
8%
West Germany 4 1976 Dieter Muller
8%
Yugoslavia 4 1968, 1976 Dragan Dzajic
8%
Sweden 4 2016, 2020 Emil Forsberg
8%
Sweden 4 2000, 2004, 2008 Henrik Larsson
8%
Croatia 4 2012, 2016, 2020, 2024 Ivan Perisic
8%
Germany 4 2004, 2008, 2012, 2016 Lukas Podolski
8%
Czech Republic 5 2004, 2008, 2012 Milan Baros
8%
Portugal 6 2000, 2004, 2008 Nuno Gomes
8%
Russia 4 2008. 2012 Roman Pavlyuchenko
8%
Serbia and Montenegro 5 2000 Savo Milosevic
8%
Czech Republic 4 1996, 2000, 2004 Vladimir Smicer
8%
Switzerland 5 2016, 2020, 2024 Xherdan Shaqiri
8%
No matching quizzes found
Score Distribution
Percent of People with Each Score
Percentile by Number Answered
Your Score History
You have not taken this quiz